| 000 | 01243nam a2200349 a 4500 | ||
|---|---|---|---|
| 001 | 000114108 | ||
| 003 | CHAP | ||
| 005 | 20220329144427.0 | ||
| 008 | 171103s2017 mx sm |||||||spa d | ||
| 010 | _a110569 | ||
| 011 | _a111541 | ||
| 040 | _cCHAP | ||
| 090 | _aTesis | ||
| 100 | 1 |
_aBrito Morales, Twigge Lizbeth _9133965 |
|
| 245 | 1 | 0 |
_aSelección de líneas mutantes precoces de soya R1M2 para consumo humano _h[En línea] _cpor Twigge Lizbeth Brito Morales. |
| 260 |
_aCocula Gro. : _bEl autor, _c2017. |
||
| 500 | _aPara ver el contenido del material haga clic en la liga | ||
| 502 | _aTesis (Ing. Agr. Fitotecnista) -- Colegio Superior Agropecuario del Estado de Guerrero | ||
| 590 |
_aBATCH _b00 _c20181121 _lUCH01 _h0759 |
||
| 590 |
_aE6339RRR _b05 _c20171103 _lUCH01 _h0939 |
||
| 590 |
_aE6339RRR _b05 _c20171103 _lUCH01 _h0940 |
||
| 590 |
_aE6339RRR _b05 _c20171103 _lUCH01 _h0940 |
||
| 650 | 1 | 4 |
_aMutación en plantas. _979907 |
| 650 | 1 | 4 |
_aRayos gamma _xEfectos fisiológicos. _994860 |
| 650 | 1 | 4 |
_aSoya _xGenética. _9109054 |
| 650 | 1 | 4 |
_aSoya _xMejoramiento. _9109069 |
| 856 |
_a1 _n0001040 |
||
| 856 |
_aFinding aid _uhttp://10.13.5.2/tesis/sist114108.pdf _zTeclea aquí |
||
| 901 | _aBK | ||
| 942 | _cTESIS | ||
| 942 | _n0 | ||
| 999 |
_c110569 _d110569 |
||